LEADER 00768nam0-22002891i-450- 001 990006541720403321 005 20001010 035 $a000654172 035 $aFED01000654172 035 $a(Aleph)000654172FED01 035 $a000654172 100 $a20001010d--------km-y0itay50------ba 101 0 $aita 105 $ay-------001yy 200 1 $aOur More Perfect Union$fArthur N. Holcombe 210 $aCambridge$cHarvard University Press$d1967. 215 $aXIV, 563 p.$d22 cm 676 $a342.41 700 1$aHolcombe,$bArthur N.$0245903 801 0$aIT$bUNINA$gRICA$2UNIMARC 901 $aBK 912 $a990006541720403321 952 $aI C 22$b10863$fFSPBC 959 $aFSPBC 996 $aOur More Perfect Union$9619497 997 $aUNINA DB $aGEN01 LEADER 01206nam0 22002891i 450 001 UON00392212 005 20231205104617.755 010 $a88-467-0031-7 100 $a20110504d1997 |0itac50 ba 101 $aita 102 $aIT 105 $a|||| ||||| 200 1 $aFigure del risentimento$easpetti della costruzione del soggetto nella narrativa inglese ai margini della decadenza$fLuisa Villa 210 $aPisa$cETS$d[1997] 215 $a202 p.$d22 cm. 410 1$1001UON00297986$12001 $aLetteratura Anglo-Americana. Nuova Serie$1210 $aPisa$cETS$v8 606 $aLETTERATURA NARRATIVA INGLESE$xSec. 19.-20.$xStudi$3UONC043534$2FI 620 $aIT$dPisa$3UONL000055 676 $a823.8$cNarrativa inglese. Periodo vittoriano, 1837-1900.$v21 700 1$aVILLA$bLuisa$3UONV201825$0457065 712 $aETS$3UONV257850$4650 801 $aIT$bSOL$c20240220$gRICA 899 $aSIBA - SISTEMA BIBLIOTECARIO DI ATENEO$2UONSI 912 $aUON00392212 950 $aSIBA - SISTEMA BIBLIOTECARIO DI ATENEO$dSI AME VI c 2.70 0594 $eSI DA 3802 5 0594 $sBuono 996 $aFigure del risentimento$91012414 997 $aUNIOR